Greenhouses for homeowners and gardeners /

Bibliographic Details
Main Author: Bartok, John W., 1936-
Format: Book
Language:English
Published: Ithaca, N.Y. : NRAES, [2000]
Series:NRAES (Series) ; 137.
Subjects:

MARC

Tag First Indicator Second Indicator Subfields
LEADER 00000cam a22000004a 4500
001 in00002019849
005 20151031182443.0
008 000412s2000 nyua b 001 0 eng
010 |a  00030485  
020 |a 0935817514 (pbk. : alk. paper) 
035 |a (OCoLC)ocm43894196 
040 |a DLC  |c DLC  |d UtOrBLW 
042 |a pcc 
049 |a TXAM 
050 0 0 |a SB416  |b .B37 2000 
082 0 0 |a 690/.8924  |2 21 
100 1 |a Bartok, John W.,  |d 1936- 
245 1 0 |a Greenhouses for homeowners and gardeners /  |c written by John W. Bartok, Jr. 
264 1 |a Ithaca, N.Y. :  |b NRAES,  |c [2000] 
264 4 |c ©2000 
300 |a xiv, 200 pages :  |b illustrations ;  |c 28 cm. 
336 |a text  |b txt  |2 rdacontent 
337 |a unmediated  |b n  |2 rdamedia 
338 |a volume  |b nc  |2 rdacarrier 
490 1 |a NRAES ;  |v 137 
504 |a Includes bibliographical references (page 191) and index. 
650 0 |a Greenhouses  |x Design and construction. 
830 0 |a NRAES (Series) ;  |v 137. 
948 |a cataloged  |b h  |c 2005/8/18  |d c  |e ceaton  |f 11:29:04 am 
994 |a C0  |b TXA 
999 |a MARS 
999 f f |s 4e9750ce-2ba1-39b7-9cc4-96df99cfb24f  |i bac76907-e71b-378f-baab-e22599f149ed  |t 0 
952 f f |p ric  |a Texas A&M University  |b Rellis Campus  |c Joint Library Facility  |d Remote Storage  |t 0  |e SB416 .B37 2000  |h Library of Congress classification  |i unmediated -- volume  |m A14832826201 
998 f f |a SB416 .B37 2000  |t 0  |l Remote Storage